000 00512cam a22001815a 4500
001 L157550
008 130115s1974 xxk f 000 0 eng d
035 _a(Sirsi) u157550
041 0 _aeng
110 2 _aRoyal Institution of Chartered Surveyors
_94900
245 0 1 _a[RICS examination papers 1974]
260 _aLondon
_bRICS
_c1974
300 _a[27] l.
_c21 cm.
520 _aA collection of examination papers from 1974.
651 4 _aUnited Kingdom
_y
690 _aBusiness and management
942 _n0
999 _c114832
_d114832